U.K. Cities Ending in "S" - Statistics

General Stats
  • This quiz has been taken 1,538 times
  • The average score is 3 of 6
Answer Stats
Country City % Correct
England Leeds
73%
Scotland Inverness
71%
Wales St Davids
39%
England Wells
31%
England St Albans
22%
England Milton Keynes
18%
No matching quizzes found
Score Distribution
Percent of People with Each Score
Percentile by Number Answered
Your Score History
You have not taken this quiz